Νεοελληνικός διαφωτισμός : οι πολιτικές και κοινωνικές ιδέες
Αποθηκεύτηκε σε:
| Κύριος συγγραφέας: | |
|---|---|
| Άλλοι συγγραφείς: | |
| Μορφή: | Βιβλίο |
| Γλώσσα: | Greek English |
| Δημοσίευση: |
Αθήνα :
Μορφωτικό Ιδρυμα Εθνικής Τραπέζης,
1996.
|
| Θέματα: | |
| Ετικέτες: |
Προσθήκη ετικέτας
Δεν υπάρχουν, Καταχωρήστε ετικέτα πρώτοι!
|
MARC
| LEADER | 00000cam a2200000 i 4500 | ||
|---|---|---|---|
| 001 | 1/10142 | ||
| 008 | 970519s1996 gr | ||| |||| ||gre|| | ||
| 020 | |a 960250126X | ||
| 035 | |l 10017746 | ||
| 040 | |a GR-MyUA |b gre |e AACR2 | ||
| 041 | 1 | |a gre |h eng | |
| 082 | 0 | |a 938.482 | |
| 100 | 1 | |a Κιτρομηλίδης, Πασχάλης Μ., |d 1949- | |
| 245 | 1 | 0 | |a Νεοελληνικός διαφωτισμός : |b οι πολιτικές και κοινωνικές ιδέες / |c Πασχάλη Μ. Κιτρομηλίδη ; μετάφραση Στέλλα Νικολούδη. |
| 260 | |a Αθήνα : |b Μορφωτικό Ιδρυμα Εθνικής Τραπέζης, |c 1996. | ||
| 300 | |a 654 σ. : |b εικ. ; | ||
| 500 | |a Τίτλος πρωτοτύπου: Tradition, enlightenment and revolution. | ||
| 500 | |a Το παράρτημα Λέσβου διαθέτει την 3η ανατύπωση του 2009. | ||
| 504 | |a Περιέχει βιβλιογραφία και ευρετήριο. | ||
| 650 | 0 | 0 | |a Enlightenment |z Greece. |
| 700 | 1 | |a Νικολούδη, Στέλλα Γ., |d 1950- |e trlf | |
| 852 | |a INST |b LESVOS |e 19970519 |h 938.482 ΚΙΤ |p 005100011221 |q 005100011221 |t EDX |y 4 |x 20220107 | ||
| 852 | |a INST |b LESVOS |e 19980505 |h 938.482 ΚΙΤ |p 005100014927 |q 005100014927 |t EDX |y 0 | ||
| 852 | |a INST |b LESVOS |e 20220124 |h 938.482 ΚΙΤ |p 005100063691 |q 005100063691 |t EDX |y 0 | ||
| 909 | |a Λ |b 050058 | ||
| 920 | |a Εύδοξος |b Παραγγελία |y Λέσβος-ΤΚΑΙ |z 2021-12 | ||
| 909 | |a Λ |b 056032 | ||
| 970 | |a Καμάτσου |b Δέσποινα |z 24-01-2022 | ||